| 000 | 00336nab a22001097u 4500 | ||
|---|---|---|---|
| 008 | 130520b1982 xxu||||| |||| 00| 0 spa d | ||
| 041 | _aspa | ||
| 100 | 1 |
_aCardenal, F. _967257 |
|
| 245 | 0 | 0 |
_aMinistros de la Iglesia en la política de Nicaragua _cF. Cardenal |
| 773 | 0 |
_tConcilium _gV.3,1982,págs.109-118 _x0210-1041 _wRev134 |
|
| 942 | _cAR | ||
| 999 |
_c354887 _d354887 |
||